000 00839nam0a22002291 4500
001 rc\432177
005 20260406090831.0
035 _a(NLR Aleph) 005678815
090 _a7052733
_c7052733
100 _a20030616d1988 |||y0rusy50 ca
101 0 _arus
102 _aRU
105 _aa |||||||||
200 1 _aУлуг-Хем неугомонный
_eРоман
_fКызыл-Эник Кудажи
_g[Пер. с тувин. А. Китайника
_gХудож. Д.М. Меньшиков]
210 _aНовосибирск
_cКн. изд-во
_d1988
215 _a451, [3] с.
_cил.
_d22
700 1 _7ca
_8rus
_aКудажи
_bК. -Э. К.
_f1929-2006
_gКызыл-Эник Кыргысович
_3RU\NLR\AUTH\770281377
_92653344
801 0 _aRU
_bNLR
_gpsbo
801 1 _aRU
_bELAR
_2rusmarc
852 _aNLR
_j88-3/12217
942 _cBOOK
980 _aNB